ბათუმის შოთა რუსთაველის სახელმწიფო უნივერსიტეტის ბიბლიოთეკა

მშობლიური სახელები. ცხმორისის თემის წარსული და აწმყო. (ბიბ.ჩანაწერი № 40694)

000 -LEADER
fixed length control field 00842nam a2200229Ia 4500
001 - CONTROL NUMBER
control field 7329
003 - CONTROL NUMBER IDENTIFIER
control field GE_BSU
008 - FIXED-LENGTH DATA ELEMENTS--GENERAL INFORMATION
fixed length control field 181216s||||||||xx |||||||||||||| ||und||
020 ## - INTERNATIONAL STANDARD BOOK NUMBER
International Standard Book Number 9789941435089
040 ## - CATALOGING SOURCE
Transcribing agency GE_BSU
080 ## - UNIVERSAL DECIMAL CLASSIFICATION NUMBER
Universal Decimal Classification number 821.353.1.09
100 ## - MAIN ENTRY--PERSONAL NAME
Personal name აბაშიძე შალვა.
245 ## - TITLE STATEMENT
Title მშობლიური სახელები. ცხმორისის თემის წარსული და აწმყო.
245 ## - TITLE STATEMENT
Statement of responsibility, etc. რედ: თამაზ აბულაძე.
260 ## - PUBLICATION, DISTRIBUTION, ETC.
Place of publication, distribution, etc. ბათუმი.
260 ## - PUBLICATION, DISTRIBUTION, ETC.
Name of publisher, distributor, etc. ალიონი.
260 ## - PUBLICATION, DISTRIBUTION, ETC.
Date of publication, distribution, etc. 2012.
300 ## - PHYSICAL DESCRIPTION
Extent 276 გვ; 21 სმ.ილ.
653 ## - INDEX TERM--UNCONTROLLED
Uncontrolled term მშობლიური სახელები.
653 ## - INDEX TERM--UNCONTROLLED
Uncontrolled term ცხმორისის თემის წარსული და აწმყო.
942 ## - ADDED ENTRY ELEMENTS (KOHA)
Koha item type წიგნი
ეგზემპლარები
Withdrawn status Lost status Damaged status Not for loan Date acquired Barcode Date last seen Price effective from Koha item type
        2018-12-17 18673 2018-12-17 2018-12-17 წიგნი